LEADER 01046nam a2200253 u 4500 001 000000013695 003 CaOOAMICUS 005 20070226105659.0 008 940517s1977 it u000 u ita u 035 $a10325730 040 $aPUL$bita 100 1 $aParonetto, Vera,$d1912-1991.$0(OLS)http://pul/name/8046 245 10$aAgostino :$bla vita, il pensiero, la missione /$cdi Vera Paronetto. 260 $aMilano :$bAccademia,$cc1977. 300 $a214 p. ;$c19 cm 490 1 $aI memorabili 600 04$aAugustinus,$cs., vesc. d'Ippona,$d354-430$xBiografia.$0(OLS)http://pul/subject/1896 830 2$aI memorabili.$0(OLS)http://pul/title/19740 850 $aPUL 852 $aPUL$W1$xDP1 Fondo Maccarrone$y58$m1502 F 30$j19269$nBK-PRI$b $qFondi$B19269$CPULBib$Z2$F19269 $H $81 941 1 $a1 961 $aINV: 00776 --- Fondo Mons. M. Maccarrone 996 $6245$aAgostino :$bla vita, il pensiero, la missione$9(OLS)http://pul/title/19739 996 $6260$aMilano :$bAccademia$9(OLS)http://pul/publisher/54114 LEADER 01188nam a2200277 u 4500 001 000000038979 003 CaOOAMICUS 005 20070226113934.0 008 980430s1949 it u000 u ita u 035 $a10793098 040 $aPUL(R)$bita 100 1 $aDe Cupis, Adriano.$0(OLS)http://pul/name/13771 245 13$aIl diritto all'identità personale :$nParte prima,$pIl diritto al nome.$nI,$pIl nome civile /. 246 30$aDiritto al nome 246 30$aNome civile 260 $aMilano :$bGiuffrè,$c1949. 504 $aBibliografia in nota. 650 4$aDiritto civile.$0(OLS)http://pul/subject/2145 850 $aPUL 852 $aPUL$W1$xDP2 Diritto e Scienze Sociali 1$y65$m172 C 46$j53034$nBK-PRI$qStampati$B53034$CPULBib$Z2$F53034 $H88 $82 941 1 $a8 961 $aEx libris: Francisci Card. Roberti (88). 996 $6245$aIl diritto all'identità personale :$nParte prima,$pIl diritto al nome.$nI,$pIl nome civile$9(OLS)http://pul/title/52814 996 $6246$aDiritto al nome$9(OLS)http://pul/title/52815 996 $6246$aNome civile$9(OLS)http://pul/title/52816 996 $6260$aMilano :$bGiuffrè$9(OLS)http://pul/publisher/48401 LEADER 01668nam a2200361 a 4500 001 000000138267 003 CaOOAMICUS 005 20140430120255.0 008 140430s2013 dcu u000 u eng r 020 $z9780813221472* 040 $aPUL$bita 082 04$a230.07 100 0 $aBenedictus PP.$bXVI,$d1927-2022.$0(OLS)http://pul/name/14991 245 12$aA reason open to God :$bon universities, education, and culture /$cPope Benedict XVI ; with a foreword by John Garvey ; edited by J. Steven Brown. 260 $aWashington, D.C. :$bCatholic University of America Press,$c©2013. 300 $axxv, 313 p. ;$c22 cm 504 $aBibliografia in nota. 650 4$aUniversità cattoliche.$0(OLS)http://pul/subject/17744 700 1 $aBrown, J. Steven.$0(OLS)http://pul/name/89122 700 1 $aGarvey, John.$0(OLS)http://pul/name/89123 850 $aPUL 852 $aPUL$W1$xSL Religione 3$y85$m230. 07 GARJO 1$j159449$qDDC 21$B158992$CPULBib$Z2$F158992 $H123877 $82 900 $aRatzinger, Joseph,$ccard.,$d1927-2022$914991 900 $aBenedetto XVI,$cpapa,$d1927-$914991 910 $aPapi (2005-2013 : Benedictus PP. XVI)$914991 910 $aPapi (2005-2013 : Benedictus PP. XVI)$914991 941 1 $a9 961 $aDedica autografa del curatore. 996 $6020$z9780813221472*$9(OLS)http://pul/number/155118 996 $6082$a230.07$9(OLS)http://pul/classification/2366 996 $6245$aA reason open to God :$bon universities, education, and culture$9(OLS)http://pul/title/175024 996 $6260$aWashington, D.C. :$bCatholic University of America Press$9(OLS)http://pul/publisher/54618 LEADER 01145nam a2200253 u 4500 001 000000088054 003 CaOOAMICUS 005 20070226124455.0 008 051024s1961 it u000 u ita u 035 $a11065398 040 $aPUL(R)$bita 245 03$aLa Domenica :$baspetti storici, liturgici e pastorali /$channo collaborato P. Ferdinando Antonelli [et al.]. 260 $aMilano ;$aRoma :$bVita e pensiero,$c[1961] 300 $a175 p. ;$c21 cm 490 1 $aSussidi liturgico-pastorali ;$v3 504 $aComprende indicazioni bibliografiche. 650 4$aLiturgia.$0(OLS)http://pul/subject/2437 700 1 $aAntonelli, Ferdinando Giuseppe,$cO.F.M.,$d1896-1993.$0(OLS)http://pul/name/10784 830 0$aSussidi liturgico-pastorali ;$v3.$0(OLS)http://pul/title/113455 850 $aPUL 852 $aPUL$W1$xDP1 Fondo Pastorale$y55$mP2 C 21$j111580$nBK-PRI$b $qFondi$B111580$CPULBib$Z2$F111580 $H $81 941 1 $a1 996 $6245$aLa Domenica :$baspetti storici, liturgici e pastorali$9(OLS)http://pul/title/113848 996 $6260$aMilano ;$aRoma :$bVita e pensiero$9(OLS)http://pul/publisher/76894